[Event "Lvov Buturina Memorial 2nd"]
[Site "Lvov"]
[Date "2022.11.18"]
[Round "3"]
[White "Durnev, Vladimir"]
[Black "Shevchenko, Yaroslav"]
[Result "0-1"]
[WhiteElo "1785"]
[BlackElo "1781"]
[PlyCount "36"]
[EventDate "2022.11.18"]
[EventType "swiss (rapid)"]
[EventRounds "9"]
[EventCountry "UKR"]
[SourceTitle "CBM 212 Extra"]
[Source "ChessBase"]
[SourceDate "2023.03.31"]
[SourceVersion "1"]
[SourceVersionDate "2023.03.31"]
[SourceQuality "1"]

1. d4 d5 2. e3 Nf6 3. Bd3 e6 4. Nd2 c5 5. b3 Bd6 6. Ngf3 0-0 7. Bb2 b6 8. Ne5 Qc7 9. f4 Ba6 10. c4 cxd4 11. exd4 dxc4 12. bxc4 Bb7 13. 0-0 Nbd7 14. Rc1 Rfd8 15. Qe2 Nf8 16. Ndf3 h6 17. Nh4 Rac8 18. h3 Qe7 0-1

[Event "Chervonograd Cup 11th"]
[Site "Chervonograd"]
[Date "2015.11.22"]
[Round "9"]
[White "Durnev, Vladimir"]
[Black "Bykovskiy, Oleg"]
[Result "0-1"]
[WhiteElo "1969"]
[BlackElo "2224"]
[PlyCount "114"]
[EventDate "2015.11.19"]
[EventType "swiss"]
[EventRounds "9"]
[EventCountry "UKR"]
[SourceTitle "CBM 169 Extra"]
[Source "ChessBase"]
[SourceDate "2015.12.18"]
[SourceVersion "1"]
[SourceVersionDate "2015.12.18"]
[SourceQuality "1"]

1. d4 d5 2. f4 c5 3. e3 Nc6 4. Nf3 Bg4 5. Be2 Bxf3 6. Bxf3 e6 7. 0-0 Rc8 8. c3 f5 9. b3 Nf6 10. Bb2 Bd6 11. Nd2 cxd4 12. cxd4 Nb4 13. a3 Nc2 14. Rc1 Nxa3 15. Bxa3 Bxa3 16. Rxc8 Qxc8 17. Qa1 Bd6 18. Qa4+ Qc6 19. Qxc6+ bxc6 20. Ra1 Bb8 21. b4 Kd8 22. Ra6 Kc7 23. Nb3 Nd7 24. Na5 Nb6 25. Nb3 Re8 26. Bd1 h6 27. Na5 g5 28. g3 Rd8 29. Kf2 g4 30. Bb3 h5 31. Ba2 Rh8 32. Kg2 h4 33. Bb3 hxg3 34. hxg3 Rc8 35. Bc2 Kd8 36. Nb7+ Ke7 37. Bd3 Bd6 38. Nxd6 Kxd6 39. Rxa7 Ra8 40. Rxa8 Nxa8 41. Kf2 Kc7 42. Ke2 Kb6 43. Kd2 Nc7 44. Kc2 Ne8 45. Kb3 Nf6 46. Bf1 Ne4 47. Bg2 Nxg3 48. Ka4 Ne4 49. Kb3 Nd2+ 50. Kc3 Nf3 51. Bxf3 gxf3 52. Kd2 Kb5 53. Ke1 Kxb4 54. Kf2 Kc3 55. Kxf3 Kd3 56. Kf2 Kd2 57. Kf3 Ke1 0-1

[Event "Lvov Euro op 1st"]
[Site "Lvov"]
[Date "2012.06.01"]
[Round "7"]
[White "Durnev, Vladimir"]
[Black "Sumin, Vladyslav"]
[Result "1-0"]
[WhiteElo "2026"]
[BlackElo "1912"]
[PlyCount "82"]
[EventDate "2012.05.28"]
[EventType "swiss"]
[EventRounds "9"]
[EventCountry "UKR"]
[SourceTitle "CBM 148 Extra"]
[Source "ChessBase"]
[SourceDate "2012.06.22"]
[SourceVersion "1"]
[SourceVersionDate "2012.06.22"]
[SourceQuality "1"]

1. d4 Nf6 2. Nf3 c5 3. e3 e6 4. b3 Nc6 5. Bb2 Be7 6. Nbd2 0-0 7. a3 b6 8. Bd3 Bb7 9. 0-0 Rc8 10. Qe2 cxd4 11. exd4 d5 12. Ne5 Nd7 13. f4 Ncxe5 14. fxe5 g6 15. Qg4 b5 16. Nf3 Qb6 17. Bc1 f5 18. Qg3 Ba6 19. b4 Bb7 20. h4 Kg7 21. h5 Rh8 22. Be3 Rcg8 23. Kf2 Kf7 24. h6 Ke8 25. c3 Rf8 26. a4 a6 27. axb5 axb5 28. Ra5 Bc6 29. Rfa1 Kf7 30. Bg5 Rb8 31. Ra6 Qc7 32. Bxe7 Kxe7 33. Qh4+ Ke8 34. Ng5 Nf8 35. Nxe6 Nxe6 36. Qf6 Kd7 37. Qf7+ Kc8 38. Qxe6+ Bd7 39. Qf6 Re8 40. R1a3 f4 41. Ra7 Qd8 1-0

[Event "Lvov-ch op"]
[Site "Lvov"]
[Date "2011.06.10"]
[Round "2"]
[White "Ivanov, Andrey A1"]
[Black "Durnev, Vladimir"]
[Result "1-0"]
[WhiteElo "2269"]
[BlackElo "2019"]
[PlyCount "93"]
[EventDate "2011.06.10"]
[EventType "swiss"]
[EventRounds "9"]
[EventCountry "UKR"]
[SourceTitle "CBM 143 Extra"]
[Source "ChessBase"]
[SourceDate "2011.08.29"]
[SourceVersion "1"]
[SourceVersionDate "2011.08.29"]
[SourceQuality "1"]

1. e4 e5 2. Nf3 Nf6 3. Nxe5 d6 4. Nf3 Nxe4 5. d4 d5 6. Bd3 Nc6 7. 0-0 Be7 8. Re1 Bg4 9. c3 f5 10. Nbd2 0-0 11. Qb3 Na5 12. Qa4 Nc6 13. Bb5 Nxd2 14. Nxd2 Rf6 15. Nf1 f4 16. f3 Bxf3 17. gxf3 Rg6+ 18. Kh1 Bh4 19. Bxf4 Bxe1 20. Rxe1 Qf6 21. Bg3 Qxf3+ 22. Kg1 Rf8 23. Qc2 Qg4 24. Qg2 Qh5 25. Be2 Qg5 26. Bf3 Ne7 27. Re5 Qf6 28. Bxd5+ Nxd5 29. Rxd5 h5 30. Rxh5 c6 31. Re5 Qf7 32. d5 cxd5 33. Qxd5 Qxd5 34. Rxd5 Rf7 35. c4 Re7 36. Rd2 Rg4 37. c5 Rge4 38. a3 Re2 39. b4 Rxd2 40. Nxd2 Re2 41. Nc4 Ra2 42. Nd6 Rxa3 43. Nxb7 Rb3 44. c6 Rxb4 45. Nc5 Rc4 46. Bd6 Kf7 47. c7 1-0

[Event "Lvov Spring Cup LCC"]
[Site "Lvov"]
[Date "2011.05.01"]
[Round "7"]
[White "Yashchenko, Olena"]
[Black "Durnev, Vladimir"]
[Result "0-1"]
[WhiteElo "1768"]
[BlackElo "2019"]
[PlyCount "78"]
[EventDate "2011.04.29"]
[EventType "swiss"]
[EventRounds "9"]
[EventCountry "UKR"]
[SourceTitle "CBM 142 Extra"]
[Source "ChessBase"]
[SourceDate "2011.06.27"]
[SourceVersion "1"]
[SourceVersionDate "2011.06.27"]
[SourceQuality "1"]

1. d4 d5 2. c4 e6 3. Nf3 Nf6 4. Bf4 c6 5. Nc3 Bb4 6. e3 Qa5 7. Qb3 dxc4 8. Bxc4 Nd5 9. Bxd5 exd5 10. Rc1 0-0 11. 0-0 Nd7 12. a3 Bxc3 13. Rxc3 Qb6 14. Qc2 Nf6 15. b4 a5 16. Rb3 axb4 17. axb4 Ne4 18. Ne5 Bf5 19. Qe2 Ra4 20. Nd3 Qb5 21. Rc1 Rfa8 22. Qd1 Ra2 23. g4 Nd2 24. gxf5 Nxb3 25. Qxb3 R8a3 26. Qb1 Qxd3 27. Qxd3 Rxd3 28. b5 Rdd2 29. bxc6 bxc6 30. Rxc6 h5 31. Bg3 Ra5 32. Rc8+ Kh7 33. Rc7 f6 34. Bh4 Kh6 35. Rc8 g5 36. fxg6 Kxg6 37. Rc6 Kf5 38. Rxf6+ Kg4 39. Bg3 Kh3 0-1

[Event "Lvov-ch"]
[Site "Lvov"]
[Date "2010.01.28"]
[Round "11"]
[White "Popovich, Sviatoslav"]
[Black "Durnev, Vladimir"]
[Result "1-0"]
[WhiteElo "2289"]
[BlackElo "2077"]
[PlyCount "71"]
[EventDate "2010.01.20"]
[EventType "tourn"]
[EventRounds "13"]
[EventCountry "UKR"]
[EventCategory "1"]
[SourceTitle "CBM 134 Extra"]
[Source "ChessBase"]
[SourceDate "2010.03.03"]
[SourceVersion "1"]
[SourceVersionDate "2010.03.03"]
[SourceQuality "1"]

1. d4 d5 2. c4 e6 3. Nc3 Nf6 4. Bg5 Be7 5. e3 c6 6. Qc2 Nbd7 7. Nf3 0-0 8. Rd1 b6 9. Bd3 Bb7 10. cxd5 exd5 11. 0-0 h6 12. Bh4 Re8 13. Bg3 Nh5 14. Be5 Nhf6 15. h3 Nxe5 16. dxe5 Nd7 17. Bh7+ Kh8 18. Bf5 Nc5 19. e4 Ba6 20. Rfe1 g6 21. Bxg6 fxg6 22. exd5 Kg7 23. Nd4 cxd5 24. b4 Qc8 25. bxc5 Bxc5 26. Qb2 Bc4 27. Ncb5 Bxb5 28. Nxb5 Rf8 29. Re2 a6 30. e6+ Kh7 31. Rxd5 Rxf2 32. Rxf2 Qxe6 33. Rxc5 bxc5 34. Nc7 Qe1+ 35. Kh2 Rg8 36. Rf7+ 1-0

[Event "Lvov-ch"]
[Site "Lvov"]
[Date "2010.01.25"]
[Round "8"]
[White "Matseyko, Maxim"]
[Black "Durnev, Vladimir"]
[Result "1-0"]
[WhiteElo "2120"]
[BlackElo "2077"]
[PlyCount "109"]
[EventDate "2010.01.20"]
[EventType "tourn"]
[EventRounds "13"]
[EventCountry "UKR"]
[EventCategory "1"]
[SourceTitle "CBM 134 Extra"]
[Source "ChessBase"]
[SourceDate "2010.03.03"]
[SourceVersion "1"]
[SourceVersionDate "2010.03.03"]
[SourceQuality "1"]

1. e4 e5 2. Nf3 Nc6 3. Nc3 Nf6 4. Bb5 a6 5. Bxc6 dxc6 6. 0-0 Bd6 7. d3 h6 8. Be3 Bg4 9. h3 Bh5 10. d4 Nd7 11. g4 Bg6 12. dxe5 Nxe5 13. Bd4 Nxf3+ 14. Qxf3 f6 15. e5 fxe5 16. Rfe1 Qf6 17. Qg3 0-0 18. Bxe5 Bxe5 19. Rxe5 Bxc2 20. Re2 Bg6 21. Qxc7 Rae8 22. Rae1 h5 23. Qxb7 hxg4 24. hxg4 Bd3 25. Nd5 Qf3 26. Nf6+ gxf6 27. Rxe8 Qxg4+ 28. Kh2 Qh5+ 29. Kg2 Rxe8 30. Rxe8+ Qxe8 31. Qb3+ Kg7 32. Qxd3 Qc8 33. f3 Qb7 34. b3 Qb6 35. f4 c5 36. Qd7+ Kg6 37. Kf3 a5 38. Kg4 Qb4 39. Qe8+ Kg7 40. Kf5 Qd2 41. Qg6+ Kf8 42. Qxf6+ Ke8 43. Qe5+ Kd7 44. Qxc5 Qxa2 45. Qd5+ Kc7 46. Ke6 Kb6 47. f5 Qe2+ 48. Kd7 Qg4 49. Qc6+ Ka7 50. Qc7+ Ka6 51. Qc4+ Qxc4 52. bxc4 a4 53. f6 a3 54. f7 a2 55. f8Q 1-0

[Event "Lvov-ch"]
[Site "Lvov"]
[Date "2010.01.22"]
[Round "3"]
[White "Durnev, Vladimir"]
[Black "Gavrish, Leonid"]
[Result "1-0"]
[WhiteElo "2077"]
[BlackElo "2255"]
[PlyCount "101"]
[EventDate "2010.01.20"]
[EventType "tourn"]
[EventRounds "13"]
[EventCountry "UKR"]
[EventCategory "1"]
[SourceTitle "CBM 134 Extra"]
[Source "ChessBase"]
[SourceDate "2010.03.03"]
[SourceVersion "1"]
[SourceVersionDate "2010.03.03"]
[SourceQuality "1"]

1. d4 Nf6 2. Nf3 c5 3. e3 g6 4. b3 Bg7 5. Bb2 0-0 6. Bd3 cxd4 7. exd4 Nc6 8. Nbd2 d5 9. 0-0 Nb4 10. Be2 Bf5 11. Ne1 Rc8 12. c3 Nc6 13. g4 Bd7 14. f4 Qb6 15. Nd3 Rc7 16. Bf3 h6 17. Qe2 Re8 18. Rae1 Nd8 19. a4 Qa6 20. h3 Qd6 21. Qg2 b5 22. a5 Nc6 23. b4 g5 24. fxg5 hxg5 25. Re5 Nxe5 26. dxe5 Qe6 27. exf6 Qe3+ 28. Qf2 exf6 29. Qxe3 Rxe3 30. Nc5 Bc6 31. Kf2 Rce7 32. Ndb3 d4 33. Bxc6 Re2+ 34. Kg1 Rxb2 35. Nxd4 Re3 36. Ne4 a6 37. Nf5 Rxh3 38. Bb7 Rhh2 39. Nf2 Rh8 40. Rd1 Kh7 41. Bxa6 Rb8 42. Kg2 Rc2 43. Rd3 Bf8 44. Nd4 Rb2 45. Bxb5 Bd6 46. Bc4 Kg6 47. Nf5 Be5 48. Rh3 Rh8 49. Rxh8 Rxf2+ 50. Kxf2 Bg3+ 51. Kf3 1-0

[Event "Rodatychi op"]
[Site "Rodatychi"]
[Date "2006.09.01"]
[Round "9"]
[White "Finkelshtein, Evgenia"]
[Black "Durnev, Vladimir"]
[Result "0-1"]
[WhiteElo "2118"]
[BlackElo "2043"]
[PlyCount "80"]
[EventDate "2006.08.27"]
[EventType "swiss"]
[EventRounds "9"]
[EventCountry "UKR"]
[SourceTitle "EXT 2008"]
[Source "ChessBase"]
[SourceDate "2007.11.25"]
[SourceVersion "1"]
[SourceVersionDate "2007.11.25"]
[SourceQuality "1"]

1. c4 c5 2. Nc3 Nc6 3. g3 g6 4. Bg2 Bg7 5. a3 e6 6. b4 cxb4 7. axb4 Nxb4 8. Ba3 Bf8 9. Nb5 a6 10. Qb1 Nc2+ 11. Qxc2 axb5 12. Bb2 Rxa1+ 13. Bxa1 f6 14. cxb5 d5 15. Nf3 e5 16. 0-0 Bd6 17. Rc1 Ne7 18. d3 Bd7 19. Qb3 Qb6 20. Rb1 Kf7 21. Nd2 Be6 22. Bb2 Bc5 23. Rf1 Ra8 24. e4 Qd8 25. Qc2 Qb6 26. Qb3 Qd8 27. Qc2 Rc8 28. Qa4 Qb6 29. exd5 Nxd5 30. Nc4 Qd8 31. Ra1 b6 32. Qd1 Nb4 33. Ra7+ Kg8 34. Qb3 Nxd3 35. Bf1 Nxf2 36. Ba3 Nh3+ 37. Kh1 Bd5+ 38. Bg2 Nf2+ 39. Kg1 Bd4 40. Bb2 Bxc4 0-1